000 00262nam a22001097a 4500
008 160512b xxu||||| |||| 00| 0 eng d
020 _a002-028883
041 _aeng
080 _a612.39
245 _aUnderstanding nutrition:
_clorraine E. Bailey;
942 _2udc
_cBK
999 _c2128
_d2128